00608nam a2200169Ia 4500008004100000020001800041041000800059082001600067100004000083245008400123250000600207260003000213300001300243650003300256999001900289952013000308210716s2009 xx 000 0 und d a9788184893045 aeng a004.22 MUES aMueller, Silvia M;Paul, Wolfgang J. aComputer architecture: complexity and correctness.bComplexity and correctness. a1 aNew DelhibSpringerc2009 axiii,553 aComputer Arch., Org.(004.22) c195017d195017 001040708MCAaAIMITbAIMITeKnowledge Worldg695.00l0o004.22 MUESpMCA14525r2025-07-21 00:00:00v521.25w2021-07-16yBK